Hỏi và đáp về hợp đồng kinh tế /
সংরক্ষণ করুন:
| প্রধান লেখক: | |
|---|---|
| বিন্যাস: | গ্রন্থ |
| ভাষা: | Vietnamese |
| প্রকাশিত: |
H :
Khoa học ,
1964
|
| সংস্করন: | In lần thứ 1 |
| বিষয়গুলি: | |
| ট্যাগগুলো: |
ট্যাগ যুক্ত করুন
কোনো ট্যাগ নেই, প্রথমজন হিসাবে ট্যাগ করুন!
|
| Thư viện lưu trữ: | Thư viện Trường CĐ Kỹ Thuật Cao Thắng |
|---|
| LEADER | 00628nam a2200193 a 4500 | ||
|---|---|---|---|
| 001 | TVCDKTCT2479 | ||
| 003 | Thư viện trường Cao đẳng Kỹ thuật Cao Thắng | ||
| 005 | 20050816000000 | ||
| 008 | 050816 | ||
| 980 | \ | \ | |a Thư viện Trường CĐ Kỹ Thuật Cao Thắng |
| 024 | |a RG_1 #1 eb0 i1 | ||
| 041 | 0 | # | |a vie |
| 082 | # | # | |a 330 / |b V500H-h |
| 100 | 1 | # | |a Tổ Dân Luật |
| 245 | 0 | 0 | |a Hỏi và đáp về hợp đồng kinh tế / |c Tổ Dân Luật |
| 250 | # | # | |a In lần thứ 1 |
| 260 | # | # | |a H : |b Khoa học , |c 1964 |
| 300 | # | # | |a 44tr. ; |c 19cm |
| 650 | # | 4 | |a Hợpđồng--Kinh tế |